LIBRARY & INFORMATION CENTRE, KCAET, TAVANUR

ONLINE PUBLIC ACCESS CATALOGUE (OPAC)

Sree Narayana Gurudevan / (Record no. 11319)

MARC details
000 -LEADER
fixed length control field 00473cam a2200193ua 4500
041 ## - LANGUAGE CODE
Language code of text/sound track or separate title mal
082 ## - DEWEY DECIMAL CLASSIFICATION NUMBER
Classification number 922
Item number DHA/SR
100 ## - MAIN ENTRY--AUTHOR NAME
Personal name Dharmanandaji, Swami .
245 ## - TITLE STATEMENT
Title Sree Narayana Gurudevan /
250 ## - EDITION STATEMENT
Edition statement 1 /
260 ## - PUBLICATION, DISTRIBUTION, ETC. (IMPRINT)
Place of publication Kottayam :
Name of publisher National Book Stall ,
Year of publication 1965.
300 ## - PHYSICAL DESCRIPTION
Number of Pages 420 ; .
650 ## - SUBJECT ADDED ENTRY--TOPICAL TERM
Topical Term Biography
942 ## - ADDED ENTRY ELEMENTS (KOHA)
Koha item type Books
Holdings
Withdrawn status Lost status Damaged status Home library Current library Date acquired Full call number Accession Number Koha item type Public note
Withdrawn     KAUAET KAUAET 07/04/2012 922 9476 Books Deleted
free website counter